| 000 | 00923nam a22002657a 4500 | ||
|---|---|---|---|
| 001 | BRCA_9326 | ||
| 003 | FranzMayer | ||
| 005 | 20230918120333.0 | ||
| 008 | 230823b |||||||| |||| 00| 0 eng d | ||
| 020 | _a9687794127 | ||
| 040 |
_aMFM _besp _cMFM |
||
| 050 | 0 |
_aTX657.S28 _b.S68 2001 |
|
| 110 | 1 |
_4Responsable _aMuseo Soumaya _929132 |
|
| 240 |
_a2300 cucharas y utensilios. 2800 años _lespañol |
||
| 245 | 0 | _a2300 cucharas y utensilios. 2800 años | |
| 260 |
_aMéxico _bColección Museo Soumaya _c2001 |
||
| 300 |
_a231 p _bIlustraciones a color _c23 cm |
||
| 500 | _aAnexo 1 | ||
| 500 | _aEl libro esta en pasta dura con una cubierta | ||
| 500 | _aContiene una nota explicativa al final | ||
| 505 | _aTexto en: españolIncluye índice temáticoIncluye bibliografía 218-223 | ||
| 650 | 1 |
_2Cosas del hogar _aCocina _vEquipos especiales _929133 |
|
| 651 | 2 |
_2Utensilios _aCucharas _929134 |
|
| 942 |
_2lcc _cB |
||
| 999 |
_c10948 _d10948 |
||